000 00511nam a2200169 a 4500
001 000024023
005 20200930022642.0
008 110118s1983 dr 000 0 spa d
040 _aDO-SdBNP
_bspa
_cBNPHU
082 _axxx
_bC397c
110 1 _aCentro de estudios de la realidad social dominicana
_949363
245 1 0 _aCERESD 6.
260 _aSanto Domingo :
_bUniversidad Autónoma de Santo Domingo,
_c1983.
300 _a703 p. ;
_c25 cm.
500 _aIncluye notas al pie de las páginas
049 _aBNPD
999 _c23518
_d23518